[Event "SVK-chT1W 2425"]
[Site "Slovakia"]
[Date "2024.11.16"]
[Round "1.3"]
[White "Simonics, Peter"]
[Black "Skreko, Igor1"]
[Result "0-1"]
[WhiteElo "2112"]
[BlackElo "2206"]
[PlyCount "68"]
[EventDate "2024.11.16"]
[EventType "team-tourn"]
[EventRounds "11"]
[EventCountry "SVK"]
[SourceTitle "CB51_2024"]
[SourceDate "2024.12.18"]
[SourceVersion "1"]
[SourceVersionDate "2024.12.18"]
[SourceQuality "1"]
[WhiteTeam "Dunajska Streda II"]
[BlackTeam "Trnava Sered"]
[WhiteTeamCountry "SVK"]
[BlackTeamCountry "SVK"]

1. e4 c5 2. Nf3 d6 3. d4 cxd4 4. Nxd4 Nf6 5. Nc3 a6 6. Be3 e5 7. Nf3 Qc7 8. Qd2 h6 9. h3 b5 10. a3 Bb7 11. Bd3 Be7 12. 0-0-0 Nbd7 13. Nh4 Nxe4 14. Bxe4 Bxh4 15. Bxb7 Qxb7 16. Qxd6 Be7 17. Qd3 Nf6 18. Nd5 Rd8 19. Nxf6+ Bxf6 20. Qf5 0-0 21. Bxh6 b4 22. a4 Qc6 23. Bg5 b3 24. c3 Bxg5+ 25. Qxg5 Rxd1+ 26. Rxd1 Qxa4 27. Qf5 g6 28. Qd3 Rc8 29. g3 e4 30. Qb1 Rc4 31. Rd2 Qa5 32. Re2 Ra4 33. Kd2 f5 34. Qd1 Rd4+ 0-1

[Event "HUN-chT2 Breyer 2324"]
[Site "Hungary"]
[Date "2024.04.07"]
[Round "7.3"]
[White "Simonics, Peter"]
[Black "Szabo Toth, Gabor"]
[Result "1/2-1/2"]
[WhiteElo "2089"]
[BlackElo "2119"]
[PlyCount "42"]
[EventDate "2023.10.08"]
[EventType "team-tourn"]
[EventRounds "9"]
[EventCountry "HUN"]
[SourceTitle "EXT 2025"]
[Source "ChessBase"]
[SourceDate "2024.10.14"]
[SourceVersion "1"]
[SourceVersionDate "2024.10.14"]
[SourceQuality "1"]
[WhiteTeam "Tatabanya Turul"]
[BlackTeam "Naszaly Geniusz Tata"]
[WhiteTeamCountry "HUN"]
[BlackTeamCountry "HUN"]

1. e4 c5 2. Nf3 e6 3. d4 cxd4 4. c3 dxc3 5. Nxc3 Nc6 6. Bc4 d6 7. 0-0 a6 8. Qe2 Nf6 9. Rd1 Qc7 10. Bf4 Ne5 11. Bb3 Be7 12. Rac1 Qb8 13. Na4 b5 14. Nxe5 dxe5 15. Bxe5 Qxe5 16. Nb6 Rb8 17. Nxc8 Bc5 18. Rxc5 Qxc5 19. Nd6+ Kf8 20. e5 Rd8 21. Re1 Rxd6 1/2-1/2

[Event "SVK-chT2A 2324"]
[Site "Slovakia"]
[Date "2023.11.11"]
[Round "3.4"]
[White "Simonics, Peter"]
[Black "Chlpek, Daniel"]
[Result "1/2-1/2"]
[WhiteElo "2078"]
[BlackElo "2046"]
[PlyCount "59"]
[EventDate "2023.10.07"]
[EventType "team-tourn"]
[EventRounds "11"]
[EventCountry "SVK"]
[SourceTitle "EXT 2025"]
[Source "ChessBase"]
[SourceDate "2024.10.14"]
[SourceVersion "1"]
[SourceVersionDate "2024.10.14"]
[SourceQuality "1"]
[WhiteTeam "Dunajska Streda II"]
[BlackTeam "Bratislava Slovan IV"]
[WhiteTeamCountry "SVK"]
[BlackTeamCountry "SVK"]

1. e4 c5 2. Nf3 e6 3. d4 cxd4 4. Nxd4 Nf6 5. Nc3 Nc6 6. Nxc6 bxc6 7. Bd3 d5 8. 0-0 Be7 9. Qe2 0-0 10. Kh1 Nd7 11. Ba6 Bxa6 12. Qxa6 Qb6 13. Qd3 Bf6 14. exd5 cxd5 15. Rb1 Rac8 16. Bd2 Ne5 17. Qg3 Nc4 18. Bg5 Bxg5 19. Qxg5 h6 20. Qf4 Qa5 21. b4 Qa6 22. Rfd1 Nb6 23. Rd3 Rc4 24. Qe5 Nd7 25. Qe3 Rfc8 26. Rbd1 Qb6 27. Qh3 Qxb4 28. Nxd5 exd5 29. Qxd7 Rxc2 30. Qxa7 1/2-1/2

[Event "HUN-chT2 Breyer 2223"]
[Site "Hungary"]
[Date "2023.04.23"]
[Round "11.4"]
[White "Simonics, Peter"]
[Black "Nemeth, Eugen"]
[Result "1-0"]
[WhiteElo "2088"]
[BlackElo "2042"]
[PlyCount "49"]
[EventDate "2022.10.16"]
[EventType "team-tourn"]
[EventRounds "11"]
[EventCountry "HUN"]
[SourceTitle "EXT 2025"]
[Source "ChessBase"]
[SourceDate "2024.10.14"]
[SourceVersion "1"]
[SourceVersionDate "2024.10.14"]
[SourceQuality "1"]
[WhiteTeam "Tatabanya"]
[BlackTeam "Esztergom"]
[WhiteTeamCountry "HUN"]
[BlackTeamCountry "HUN"]

1. e4 c5 2. Nf3 Nc6 3. d4 cxd4 4. Nxd4 g6 5. Nc3 Bg7 6. Be3 Nf6 7. Bc4 0-0 8. Bb3 d6 9. f3 Bd7 10. Qd2 Ne5 11. 0-0-0 Rc8 12. h4 h5 13. Bh6 Nc4 14. Bxc4 Rxc4 15. Bxg7 Kxg7 16. g4 Rxc3 17. Qxc3 hxg4 18. f4 Qc8 19. Qd3 d5 20. exd5 Nxd5 21. Qe4 Qc5 22. Nb3 Bf5 23. Nxc5 Bxe4 24. Nxe4 Nxf4 25. Rd7 1-0

[Event "SVK-chT2A 2223"]
[Site "Slovakia"]
[Date "2022.11.12"]
[Round "3.4"]
[White "Simonics, Peter"]
[Black "Pozsar, Peter"]
[Result "1-0"]
[WhiteElo "2087"]
[BlackElo "1807"]
[PlyCount "25"]
[EventDate "2022.10.08"]
[EventType "team-tourn"]
[EventRounds "11"]
[EventCountry "SVK"]
[SourceTitle "EXT 2024"]
[Source "ChessBase"]
[SourceDate "2023.10.10"]
[SourceVersion "1"]
[SourceVersionDate "2023.10.10"]
[SourceQuality "1"]
[WhiteTeam "Dunajska Streda II"]
[BlackTeam "Senec"]
[WhiteTeamCountry "SVK"]
[BlackTeamCountry "SVK"]

1. e4 e5 2. Nf3 Nc6 3. Bc4 Be7 4. 0-0 Nf6 5. d3 d6 6. c3 Bg4 7. Qb3 d5 8. exd5 Na5 9. Qa4+ c6 10. dxc6 Bxf3 11. cxb7+ Bc6 12. bxa8Q Bxa4 13. Qxd8+ 1-0

[Event "HUN-chT2 Breyer 2122"]
[Site "Hungary"]
[Date "2022.02.27"]
[Round "7.2"]
[White "Akots, Gabor"]
[Black "Simonics, Peter"]
[Result "1/2-1/2"]
[WhiteElo "2218"]
[BlackElo "2056"]
[PlyCount "26"]
[EventDate "2021.10.10"]
[EventType "team-tourn"]
[EventRounds "9"]
[EventCountry "HUN"]
[SourceTitle "EXT 2025"]
[Source "ChessBase"]
[SourceDate "2024.10.14"]
[SourceVersion "1"]
[SourceVersionDate "2024.10.14"]
[SourceQuality "1"]
[WhiteTeam "Naszaly Geniusz Tata"]
[BlackTeam "Tatabanya"]
[WhiteTeamCountry "HUN"]
[BlackTeamCountry "HUN"]

1. e4 c5 2. Nf3 d6 3. d4 cxd4 4. Nxd4 Nf6 5. Nc3 a6 6. Be2 e5 7. Nb3 Be7 8. Qd3 0-0 9. Bg5 Nbd7 10. a4 b6 11. 0-0 Bb7 12. Rfd1 Rc8 13. f3 Qc7 1/2-1/2

[Event "HUN-chT2 Breyer 2122"]
[Site "Hungary"]
[Date "2022.02.13"]
[Round "6.3"]
[White "Horvath, Gabor"]
[Black "Simonics, Peter"]
[Result "1/2-1/2"]
[WhiteElo "2121"]
[BlackElo "2052"]
[PlyCount "71"]
[EventDate "2021.10.10"]
[EventType "team-tourn"]
[EventRounds "9"]
[EventCountry "HUN"]
[SourceTitle "EXT 2025"]
[Source "ChessBase"]
[SourceDate "2024.10.14"]
[SourceVersion "1"]
[SourceVersionDate "2024.10.14"]
[SourceQuality "1"]
[WhiteTeam "Tatabanya"]
[BlackTeam "Varosgazda Akademia"]
[WhiteTeamCountry "HUN"]
[BlackTeamCountry "HUN"]

1. e4 c5 2. Nc3 a6 3. g3 b5 4. Bg2 Bb7 5. Nh3 e6 6. 0-0 Be7 7. d3 Nc6 8. f4 Qb6 9. Be3 h5 10. e5 g6 11. Ne4 Nh6 12. c3 Ng4 13. Qe2 a5 14. Nhg5 Kf8 15. h3 Nxe3 16. Qxe3 Kg7 17. g4 hxg4 18. hxg4 Qc7 19. f5 Bxg5 20. Qxg5 Qxe5 21. fxe6 dxe6 22. Rae1 Raf8 23. Qf6+ Qxf6 24. Nxf6 Rd8 25. Re3 Ba8 26. Rf4 Ne7 27. Bxa8 Rxa8 28. Ref3 Rhf8 29. Nd7 Nd5 30. Re4 Rfd8 31. Nxc5 Rdc8 32. d4 Ra7 33. Kg2 a4 34. a3 Nb6 35. Re2 Nc4 36. Rh3 1/2-1/2

[Event "HUN-chT2 Breyer 2122"]
[Site "Hungary"]
[Date "2021.12.19"]
[Round "4.3"]
[White "Kiss, Laszlo1"]
[Black "Simonics, Peter"]
[Result "1/2-1/2"]
[WhiteElo "2010"]
[BlackElo "2052"]
[PlyCount "21"]
[EventDate "2021.10.10"]
[EventType "team-tourn"]
[EventRounds "9"]
[EventCountry "HUN"]
[SourceTitle "EXT 2025"]
[Source "ChessBase"]
[SourceDate "2024.10.14"]
[SourceVersion "1"]
[SourceVersionDate "2024.10.14"]
[SourceQuality "1"]
[WhiteTeam "Esztergom"]
[BlackTeam "Tatabanya"]
[WhiteTeamCountry "HUN"]
[BlackTeamCountry "HUN"]

1. d4 d6 2. Nf3 c6 3. g3 g6 4. Bg2 Bg7 5. 0-0 Nf6 6. c4 0-0 7. Nc3 Re8 8. e4 e5 9. dxe5 dxe5 10. Qxd8 Rxd8 11. Nxe5 1/2-1/2

[Event "SVK-chT2A 2122"]
[Site "Slovakia"]
[Date "2021.10.17"]
[Round "2.4"]
[White "Simonics, Peter"]
[Black "Vadila, Ondrej"]
[Result "1/2-1/2"]
[WhiteElo "2049"]
[BlackElo "2088"]
[PlyCount "93"]
[EventDate "2021.10.16"]
[EventType "team-tourn"]
[EventRounds "11"]
[EventCountry "SVK"]
[SourceTitle "EXT 2023"]
[Source "ChessBase"]
[SourceDate "2022.10.05"]
[SourceVersion "1"]
[SourceVersionDate "2022.10.05"]
[SourceQuality "1"]
[WhiteTeam "Dunajska Streda II"]
[BlackTeam "Bratislava Slovan V"]
[WhiteTeamCountry "SVK"]
[BlackTeamCountry "SVK"]

1. e4 c5 2. Nf3 g6 3. d4 cxd4 4. Nxd4 Bg7 5. c4 Nc6 6. Be3 Nf6 7. Nc3 0-0 8. Be2 d6 9. 0-0 Bd7 10. Qd2 Nxd4 11. Bxd4 Bc6 12. f3 a5 13. b3 Nd7 14. Be3 Nc5 15. Rab1 e6 16. Rfd1 Be5 17. Bd4 Bxd4+ 18. Qxd4 Qb6 19. Kh1 Rfd8 20. a3 e5 21. Qe3 Qa7 22. f4 Nxe4 23. Qxa7 Rxa7 24. Nxe4 Bxe4 25. Rb2 exf4 26. Rbd2 Raa8 27. Bf3 Bxf3 28. gxf3 Ra6 29. c5 Rc6 30. b4 Kf8 31. Rd4 axb4 32. axb4 Ke7 33. Re4+ Kd7 34. Rxf4 f5 35. Rh4 h5 36. Rhd4 Kc7 37. Kg2 b6 38. cxb6+ Rxb6 39. h4 Rdb8 40. R1d2 Kd7 41. Kg3 Ke7 42. b5 Rd8 43. Rd5 Kf6 44. Kf4 Rd7 45. R2d3 Rd8 46. Rd2 Rd7 47. R2d3 1/2-1/2

[Event "HUN-chT2 Breyer 1718"]
[Site "Hungary"]
[Date "2018.03.25"]
[Round "10.4"]
[White "Papista, Akos"]
[Black "Simonics, Peter"]
[Result "0-1"]
[WhiteElo "2091"]
[BlackElo "1937"]
[PlyCount "62"]
[EventDate "2017.09.24"]
[EventType "team-tourn"]
[EventRounds "11"]
[EventCountry "HUN"]
[SourceTitle "EXT 2021"]
[Source "ChessBase"]
[SourceDate "2020.10.23"]
[SourceVersion "1"]
[SourceVersionDate "2020.10.23"]
[SourceQuality "1"]
[WhiteTeam "Paty"]
[BlackTeam "Tatabanya Turul"]
[WhiteTeamCountry "HUN"]
[BlackTeamCountry "HUN"]

1. e4 c5 2. Nf3 d6 3. d4 cxd4 4. Nxd4 Nf6 5. Nc3 g6 6. Be3 Bg7 7. f3 a6 8. Qd2 h5 9. 0-0-0 Nbd7 10. Bc4 b5 11. Bb3 Bb7 12. h4 Rc8 13. Kb1 Ne5 14. Qe1 Qc7 15. Bc1 Nc4 16. Bxc4 Qxc4 17. Qe2 Qc7 18. Nb3 b4 19. Nd5 Bxd5 20. exd5 a5 21. Bg5 0-0 22. Rd2 a4 23. Nc1 a3 24. Rd4 axb2 25. Nd3 Qc3 26. Bxf6 b3 27. cxb3 Bxf6 28. Ra4 Rc7 29. Nxb2 Rfc8 30. a3 Qxb3 31. Rb4 Qxa3 0-1

[Event "HUN-chT2 Breyer 1718"]
[Site "Hungary"]
[Date "2018.01.28"]
[Round "7.4"]
[White "Simonics, Peter"]
[Black "Toth, Istvan2"]
[Result "1-0"]
[WhiteElo "1937"]
[BlackElo "1932"]
[PlyCount "47"]
[EventDate "2017.09.24"]
[EventType "team-tourn"]
[EventRounds "11"]
[EventCountry "HUN"]
[SourceTitle "EXT 2021"]
[Source "ChessBase"]
[SourceDate "2020.10.23"]
[SourceVersion "1"]
[SourceVersionDate "2020.10.23"]
[SourceQuality "1"]
[WhiteTeam "Tatabanya Turul"]
[BlackTeam "Nyergesujfalu"]
[WhiteTeamCountry "HUN"]
[BlackTeamCountry "HUN"]

1. e4 e5 2. f4 d6 3. Nf3 Nc6 4. d4 Nf6 5. Nc3 Bg4 6. Bb5 exd4 7. Qxd4 Bd7 8. Qf2 Be7 9. Bd2 a6 10. Bc4 0-0 11. 0-0-0 Qc8 12. h3 Be6 13. Bd3 Nb4 14. f5 Bd7 15. g4 Bb5 16. Bxb5 axb5 17. a3 Nc6 18. g5 b4 19. gxf6 bxc3 20. Bxc3 Bxf6 21. Bxf6 gxf6 22. Qh4 Qd8 23. Rdg1+ Kh8 24. Qh6 1-0